The Unspoken Rules: Secrets To Starting Your Career Off Right (Record no. 43529)

MARC details
000 -LEADER
fixed length control field 02957cam a2200337 i 4500
001 - CONTROL NUMBER
control field 21788271
005 - DATE AND TIME OF LATEST TRANSACTION
control field 20250403142555.0
008 - FIXED-LENGTH DATA ELEMENTS--GENERAL INFORMATION
fixed length control field 201028s2021 maua b 001 0 eng
010 ## - LIBRARY OF CONGRESS CONTROL NUMBER
LC control number 2020047844
020 ## - INTERNATIONAL STANDARD BOOK NUMBER
International Standard Book Number 9781647820442
020 ## - INTERNATIONAL STANDARD BOOK NUMBER
Canceled/invalid ISBN 9781647820459
041 ## - LANGUAGE CODE
Language code of text/sound track or separate title eng
042 ## - AUTHENTICATION CODE
Authentication code pcc
082 00 - DEWEY DECIMAL CLASSIFICATION NUMBER
Classification number 650.1 GOR
100 1# - MAIN ENTRY--PERSONAL NAME
Author Ng, Gorick
245 14 - TITLE STATEMENT
Title The Unspoken Rules: Secrets To Starting Your Career Off Right
260 ## - PUBLICATION, DISTRIBUTION, ETC.
Place Boston
Publisher Harvard Business Review Press
Publication Year 2021
300 ## - PHYSICAL DESCRIPTION
Extent 261 pages :
Other physical details illustrations ;
Dimensions 24 cm
500 ## - GENERAL NOTE
Keywords Includes bibliographical references and index.
520 ## - SUMMARY, ETC.
Summary, etc. "What will separate you from the rest early in your career? The ability to take ownership, manage expectations, navigate people dynamics, and communicate professionally-skills that school doesn't teach. Most career guides assume that you already know how the working world works. But if you're starting your very first job or taking a job in a new company, you might not know all the unspoken rules that determine who gets ahead and who doesn't. In The Unspoken Rules, you'll learn the basic workplace skills necessary for success. From the author: "Why didn't anyone ever tell me this?! I've lost count of the number of times I've asked myself this question. As the son of a single mother who dropped out of school at the age of twelve to work in a sewing-machine factory, I missed the lesson on the unspoken rules of the professional workplace. Instead, I learned my lesson the hard way-through trial and error. Now I'm on a mission to discover and decode the unspoken rules of work and share them with others. Over the last four years, I've interviewed over five hundred interns, early career professionals, managers, and executives, from HR to finance, law firms to tech companies, across the globe. My conversations revolved around three key topics: What are the most common mistakes early-career professionals make at work? What would you do differently if you could relive your first years on the job? What do you think separates top performers from mediocre ones? After testing the advice I gathered from these hundreds of interviews, I started coaching other early-career professionals. Now I'm distilling everything I've learned into a step-by-step guide called The Unspoken Rules. We all have what it takes to be a top performer. It begins with mastering the unspoken rules.""--
650 #0 - SUBJECT ADDED ENTRY--TOPICAL TERM
Subject Career development
650 #0 - SUBJECT ADDED ENTRY--TOPICAL TERM
Subject Success in business
942 ## - ADDED ENTRY ELEMENTS (KOHA)
Koha item type Books
264 #1 - PRODUCTION, PUBLICATION, DISTRIBUTION, MANUFACTURE, AND COPYRIGHT NOTICE
Place of production, publication, distribution, manufacture Boston, MA :
Name of producer, publisher, distributor, manufacturer Harvard Business Review Press,
Date of production, publication, distribution, manufacture, or copyright notice [2021]
336 ## - CONTENT TYPE
Content type term text
Content type code txt
Source rdacontent
337 ## - MEDIA TYPE
Media type term unmediated
Media type code n
Source rdamedia
338 ## - CARRIER TYPE
Carrier type term volume
Carrier type code nc
Source rdacarrier
776 08 - ADDITIONAL PHYSICAL FORM ENTRY
Relationship information Online version:
Main entry heading Ng, Gorick,
Title The unspoken rules
Place, publisher, and date of publication Boston, MA : Harvard Business Review Press, [2021]
International Standard Book Number 9781647820459
Record control number (DLC) 2020047845
906 ## - LOCAL DATA ELEMENT F, LDF (RLIN)
a 7
b cbc
c orignew
d 1
e ecip
f 20
g y-gencatlg
Holdings
Withdrawn status Lost status Source of classification or shelving scheme Damaged status Not for loan Home library Current library Shelving location Accession Date Vendor Price Bill number Total Checkouts Total Renewals Full call number Barcode No Date last seen Date last checked out Discount Bill Date Koha item type Suggested By
    Dewey Decimal Classification     IMTN IMTN Rack 18-B 03/26/2025 Raghav Books Private Limited 1199.00 2374 1 2 650.1 GOR 33809 08/06/2025 07/02/2025 30 02/14/2025 Books Dr. Mantha Raghu (Head Librarian)
Designed & Maintained by: LRC IMT Nagpur Contact: lrc@imtnag.ac.in© 2024. All Rights Reserved.